Wuthering heights
Պահպանված է:
| Հիմնական հեղինակ: | |
|---|---|
| Ձևաչափ: | Գիրք |
| Լեզու: | անգլերեն |
| Հրապարակվել է: |
Nueva York
Collier Books
1962
|
| Շարք: | Classic Collier Books
|
| Խորագրեր: | |
| Ցուցիչներ: |
Ավելացրեք ցուցիչ
Չկան պիտակներ, Եղեք առաջինը, ով նշում է այս գրառումը!
|
MARC
| LEADER | 00000nam a2200000 a 4500 | ||
|---|---|---|---|
| 001 | UCR3479 | ||
| 003 | CL-VaPUC | ||
| 008 | 980124e19620000US |||||||||||||||||eng|d | ||
| 082 | 0 | 4 | |a 823 |b BRO |2 21 |
| 100 | 0 | |a Brontë, Emily |e author |9 332916 | |
| 245 | 1 | 0 | |a Wuthering heights |
| 300 | |a 313 p | ||
| 942 | |c BK | ||
| 945 | |d 19980124 00:00:00 |a aolguin | ||
| 260 | |a Nueva York |b Collier Books |c 1962 | ||
| 650 | 0 | |a Novelas inglesas |9 265220 | |
| 650 | 0 | |a Literatura inglesa |9 312907 | |
| 583 | |a last modification |c 19980124 00:00:00 |k Rodrigo Vera | ||
| 490 | 0 | |a Classic Collier Books | |
| 999 | |c 266545 |d 266543 | ||
| 952 | |0 0 |1 0 |4 0 |6 823_000000000000000_BRO_1962 |7 0 |8 A |9 298251 |a BIBEDU |b BIBEDU |d 2019-11-20 |i 1942077 |l 1 |o 823 BRO 1962 |p 1942077 |r 2024-04-22 |s 2024-04-12 |w 2019-11-20 |y BK |k LIT | ||